01613nam a2200337 i 4500001001000000003000900010005001700019007000300036008004100039040003000080041000800110082002500118100005200143245015300195264008200348300004500430336002700475337003400502338002800536500005700564504003900621590002700660610007100687650006300758700004900821910003700870942001400907952016700921952017001088999001701258000047414DO-SdBNP20250905141055.0ta180516s2002 dr a r 000 0 spa d aDO-SdBNPbspacBNPHUerda aspa 4a324.27293bA445p2221 aAlmánzar, José Nicoláseautor4aut.9251110aPasado, presente y futuro del partido reformista social cristiano :bhistoria del PRSC /cJosé Nicolás Almánzar ; prólogo Joaquín Ricardo. aSanto Domingo : bFundación para la Promoción Política y Social,c2002. a411 páginas :bilustraciones ;c23 cm. atextobtxt2rdacontent asin mediación bn2rdamedia avolumenbnc2rdacarrier aIncluye datos biográficos del autor en las solapas aBibliografía : páginas 408-409 aInventariado, 2018/ YL20aPartido Reformista Social Cristiano (República Dominicana)92630 7aPartidos políticoszRepública Dominicanay1961-9641541 aRicardo, Joaquín,eprologuista4pr.975051 aValidado. Control de calidad MFF 2ddccLBS1 00102ddc51708PDaBNPHUbBNPHUcHDd2017-12-13eDonado por Raquel Martínezl0oBNPHU PD 324.27293 A445pp47414-10r2020-06-25w2020-06-25yLBS1ZNo se presta 00102ddc51708PDaBNPHUbBNPHUcHDd2019-06-13eDonado por Barbara Suncar l0oBNPHU PD 324.27293 A445pp47414-20r2020-06-25te.2w2020-06-25yLBS1ZNo se presta c46902d46902